=LDR 00000nam 2200000 4500 =001 INLIS000000000031584 =005 20211125082034 =035 ##$$a 0010-061300000031584 =008 211125###########################0#ind## =041 ##$$a ind =082 ##$$a 823 =090 ##$$a 813, Als, i =100 ##$$a Shawni =245 1#$$a Iblis Menggugat Tuhan : $b The Madness Of God /$c Shawni =260 ##$$a Jakarta :$b Dastan Books,$c 2008 =300 ##$$a 316 halaman ; $c 17 cm =650 #4$$a FIKSI =700 #$$a Sudiarto, Bima =850 ##$$a NBPNMAT =020 ##$$a 979-3972-01-7 =084 ##$$a 823 Sha i =250 ##$$a Cet.9 =990 ##$$a 0001/BPAP-NTB/2015 =990 ##$$a 0001/BPAP-NTB/2015 =990 ##$$a 0001/BPAP-NTB/2016 =990 ##$$a 0001/BPAP-NTB/2016 =990 ##$$a 32283228